International Thermodynamic Tables of the Fluid State : Oxygen /
Tablas fisicoquímicas del oxígeno. Contenido: Resultados experimentales; La ecuación de estado; Ecuaciones auxiliares; Tablas de la IUPAC (International Union of Pure and Applied Chemistry). Propiedades: de los gases ideales, a presión cero, en la curva de saturación, en una sola fase y en la curva...
שמור ב:
| מחבר תאגידי: | |
|---|---|
| מחברים אחרים: | , , |
| פורמט: | ספר |
| שפה: | אנגלית |
| יצא לאור: |
Oxford, Inglaterra :
Blackwell,
1987, c1987
|
| סדרה: | (International Thermodynamic Tables of the Fluid State ;
9) |
| נושאים: | |
| תגים: |
אין תגיות, היה/י הראשונ/ה לתייג את הרשומה!
|
MARC
| LEADER | 00000nam^a2200000^a^4500 | ||
|---|---|---|---|
| 001 | 000181407 | ||
| 005 | 20250521000000.0 | ||
| 009 | 20260310101932.597 | ||
| 020 | |a 0-632-01476-8 | ||
| 037 | |a Acervo ITESO - Biblioteca | ||
| 041 | |a ING | ||
| 082 | |a 536. 0212 |b INT V. 9 | ||
| 110 | |a International Union of Pure and Applied Chemistry | ||
| 240 | 1 | 1 | |a [International Thermodynamic Tables of the Fluid State] |
| 245 | 1 | 0 | |a International Thermodynamic Tables of the Fluid State : |b Oxygen / |c Ed. de W. Wagner, K.M. de Reuck ; pról. de S. Angus. |
| 264 | 4 | |a Oxford, Inglaterra : |b Blackwell, |c 1987, c1987 | |
| 300 | |a XVIII, 231 p. | ||
| 336 | |a texto |b txt |2 rdacontenido | ||
| 337 | |a sin mediación |b n |2 rdamedio | ||
| 338 | |a volumen |b nc |2 rdasoporte | ||
| 440 | 1 | |a (International Thermodynamic Tables of the Fluid State ; |v 9) | |
| 520 | |a Tablas fisicoquímicas del oxígeno. Contenido: Resultados experimentales; La ecuación de estado; Ecuaciones auxiliares; Tablas de la IUPAC (International Union of Pure and Applied Chemistry). Propiedades: de los gases ideales, a presión cero, en la curva de saturación, en una sola fase y en la curva de ebullición. | ||
| 649 | |a XX | ||
| 650 | |a Oxígeno - |x Propiedades Termodinámicas - |x Tablas | ||
| 650 | |a Fluidos - |x Propiedades Termodinámicas - |x Tablas | ||
| 650 | |a Termodinámica - |x Tablas | ||
| 650 | |a Físicoquímica - |x Tablas | ||
| 740 | 0 | |a Oxygen / |c Ed. de W. Wagner, K.M. de Reuck ; pról. de S. Angus. | |
| 700 | |a Wagner, W. |e (edición) | ||
| 700 | |a Reuck, K.M. de |e (edición) | ||
| 700 | |a Angus, Selby |e (prólogo) | ||
| 910 | |a Fondo General | ||
| 920 | |a Impresos - Libros | ||
| 930 | |a Obras de Referencia | ||
| 905 | |a 102 | ||
| 901 | |a 0500121144 |b IT2 |c REF |u 20250521 | ||
| 902 | |a https://opac.biblio.iteso.mx/vufind/Record/000181407 | ||